Smart Cities – Overview of Citizen Participation across Application Domains
Salvato in:
| Autore principale: | |
|---|---|
| Natura: | Capitolo di libro |
| Lingua: | inglese |
| Soggetti: | |
| Tags: |
Nessun Tag, puoi essere il primo ad aggiungerne!!
|
MARC
| LEADER | 00000naa$a2200000$$$4500 | ||
|---|---|---|---|
| 001 | 0298491 | ||
| 005 | 20240502084008.1 | ||
| 041 | 0 | |a eng | |
| 044 | |a BE | ||
| 245 | 1 | 0 | |a Smart Cities – Overview of Citizen Participation across Application Domains |c Oliver Rafaj |
| 500 | |a Abstrakt | ||
| 610 | 2 | 0 | |a mestá inteligentné |
| 610 | 2 | 0 | |a technológie nové |
| 610 | 2 | 0 | |a technológie informačné |
| 610 | 2 | 0 | |a technológie komunikačné |
| 610 | 2 | 0 | |a služby verejné |
| 100 | 1 | |a Rafaj, Oliver, 1989- | |